| 000 | 00368 a2200133 4500 | ||
|---|---|---|---|
| 005 | 20250605112818.0 | ||
| 020 | _a9 7818800 376397 | ||
| 082 | _a332.1 CEN | ||
| 245 | _aCentral Banking, Monetary Policy and The Future of Money. | ||
| 260 |
_aUSA, _bEE Publishing, _c2022. |
||
| 300 |
_axv,302p.; ill.; tables.; _bIndex.; _c23cm. |
||
| 700 | _aVALLET, G. | ||
| 942 |
_2ddc _cBKS |
||
| 999 |
_c3208 _d3208 |
||